Word Ladder: Southern Music Quiz Stats

Quiz Updated Oct 19, 2016

Challenge
Share
Tweet
Embed
Score 0/13 Timer 02:00
1 Play Today
Clue 4-Letter Word % Correct
Country singer PaisleyBRAD
94.6%
An overpaid musician (or spoiled child) can be one of theseBRAT
94.2%
Most country musicians were born and ___ in the south.BRED
93.9%
Gushed red fluid from a cutBLED
90.3%
A flower's originSEED
88.2%
Location for many college concertsFRAT
84.5%
Bruce Springsteen song: 'The Ties that ____'BIND
83.2%
Charles Foster Kane's RosebudSLED
81.4%
A guitar has several of thisFRET
80.9%
Judy Collins' song '___ in the Clowns'SEND
78.9%
Do this to a guitar string for cool effectBEND
77.2%
Lynyrd Skynyrd song (with last rung)FREE
66.3%
Lynyrd Skynyrd song (with first rung)BIRD
63.8%

Today's Daily Dose

Missing Word
NPR Programs

Quick Pick
1991 Events

On This Day
June 18th II

You're not logged in!

Compare scores with friends on all Sporcle quizzes.
Join for Free
OR
Log In

You Might Also Like...

Show Comments

Extras

Top Quizzes Today


Score Distribution

Your Account Isn't Verified!

In order to create a playlist on Sporcle, you need to verify the email address you used during registration. Go to your Sporcle Settings to finish the process.

Report this User

Report this user for behavior that violates our Community Guidelines.

Details: